Binary numbers to Roman - Statistics

General Stats
  • This quiz has been taken 17 times
  • The average score is 11 of 20
Answer Stats
Binary Roman % Correct
11001000 CC
100%
11001001 CCI
100%
11001010 CCII
100%
11111011 CCLI
100%
11111111 CCLV
100%
11010010 CCX
100%
11010110 CCXIV
100%
11110000 CCXL
100%
11110001 CCXLI
100%
11011100 CCXX
100%
11100010 CCXXVI
100%
11100011 CCXXVII
100%
11101010 CCXXXIV
100%
11101011 CCXXXV
100%
11101101 CCXXXVII
100%
1100101 CI
100%
10010110 CL
100%
10011000 CLII
100%
10011001 CLIII
100%
10011111 CLIX
100%
10100011 CLXIII
100%
10100110 CLXVI
100%
10110011 CLXXIX
100%
10110101 CLXXXI
100%
10111000 CLXXXIV
100%
1101001 CV
100%
1101011 CVII
100%
10111111 CXCI
100%
1110001 CXIII
100%
1110111 CXIX
100%
10001111 CXLIII
100%
10010010 CXLVI
100%
1110100 CXVI
100%
1111010 CXXII
100%
1111110 CXXVI
100%
10000101 CXXXIII
100%
10001001 CXXXVII
100%
10001010 CXXXVIII
100%
1 I
100%
10 II
100%
11 III
100%
100 IV
100%
1001 IX
100%
110100 LII
100%
111011 LIX
100%
110111 LV
100%
111111 LXIII
100%
1000111 LXXI
100%
1001001 LXXIII
100%
1010111 LXXXVII
100%
101 V
100%
111 VII
100%
1000 VIII
100%
1011110 XCIV
100%
1100001 XCVII
100%
1100 XII
100%
10011 XIX
100%
101000 XL
100%
101001 XLI
100%
110001 XLIX
100%
110000 XLVIII
100%
1111 XV
100%
10001 XVII
100%
10100 XX
100%
10111 XXIII
100%
11000 XXIV
100%
11101 XXIX
100%
11001 XXV
100%
11010 XXVI
100%
11110 XXX
100%
100001 XXXIII
100%
100111 XXXIX
100%
100011 XXXV
100%
100100 XXXVI
100%
11011111 CCXXIII
80%
11011110 CCXXII
75%
10011110 CLVIII
75%
10001110 CXLII
75%
1111000 CXX
75%
10000001 CXXIX
75%
10101000 CLXVIII
67%
11000100 CXCVI
67%
110010 L
67%
1011011 XCI
67%
1110 XIV
67%
101110 XLVI
67%
11001100 CCIV
50%
11111110 CCLIV
50%
11010100 CCXII
50%
11110110 CCXLVI
50%
11100001 CCXXV
50%
10011101 CLVII
50%
10100111 CLXVII
50%
10101010 CLXX
50%
10101011 CLXXI
50%
11000010 CXCIV
50%
11000011 CXCV
50%
11000101 CXCVII
50%
1111100 CXXIV
50%
10000011 CXXXI
50%
110101 LIII
50%
111000 LVI
50%
111100 LX
50%
1000100 LXVIII
50%
1001010 LXXIV
50%
1001110 LXXVIII
50%
100010 XXXIV
50%
11110010 CCXLII
33%
11011000 CCXVI
33%
1100110 CII
33%
1110000 CXII
33%
1110110 CXVIII
33%
111001 LVII
33%
1000000 LXIV
33%
101010 XLII
33%
1110011 CXV
25%
1100100 C
0%
11001011 CCIII
0%
11010001 CCIX
0%
11111010 CCL
0%
11111100 CCLII
0%
11111101 CCLIII
0%
11001101 CCV
0%
11001110 CCVI
0%
11001111 CCVII
0%
11010000 CCVIII
0%
11010011 CCXI
0%
11010101 CCXIII
0%
11011011 CCXIX
0%
11110011 CCXLIII
0%
11110100 CCXLIV
0%
11111001 CCXLIX
0%
11110101 CCXLV
0%
11110111 CCXLVII
0%
11111000 CCXLVIII
0%
11010111 CCXV
0%
11011001 CCXVII
0%
11011010 CCXVIII
0%
11011101 CCXXI
0%
11100000 CCXXIV
0%
11100101 CCXXIX
0%
11100100 CCXXVIII
0%
11100110 CCXXX
0%
11100111 CCXXXI
0%
11101000 CCXXXII
0%
11101001 CCXXXIII
0%
11101111 CCXXXIX
0%
11101100 CCXXXVI
0%
11101110 CCXXXVIII
0%
1100111 CIII
0%
1101000 CIV
0%
1101101 CIX
0%
10010111 CLI
0%
10011010 CLIV
0%
10011011 CLV
0%
10011100 CLVI
0%
10100000 CLX
0%
10100001 CLXI
0%
10100010 CLXII
0%
10100100 CLXIV
0%
10101001 CLXIX
0%
10100101 CLXV
0%
10101100 CLXXII
0%
10101101 CLXXIII
0%
10101110 CLXXIV
0%
10101111 CLXXV
0%
10110000 CLXXVI
0%
10110001 CLXXVII
0%
10110010 CLXXVIII
0%
10110100 CLXXX
0%
10110110 CLXXXII
0%
10110111 CLXXXIII
0%
10111001 CLXXXV
0%
10111010 CLXXXVI
0%
10111011 CLXXXVII
0%
10111100 CLXXXVIII
0%
10111101 CLXXXXIX
0%
1101010 CVI
0%
1101100 CVIII
0%
1101110 CX
0%
10111110 CXC
0%
11000000 CXCII
0%
11000001 CXCIII
0%
11000111 CXCIX
0%
11000110 CXCVIII
0%
1101111 CXI
0%
1110010 CXIV
0%
10001100 CXL
0%
10001101 CXLI
0%
10010000 CXLIV
0%
10010101 CXLIX
0%
10010001 CXLV
0%
10010011 CXLVII
0%
10010100 CXLVIII
0%
1110101 CXVII
0%
1111001 CXXI
0%
1111011 CXXIII
0%
1111101 CXXV
0%
1111111 CXXVII
0%
10000000 CXXVIII
0%
10000010 CXXX
0%
10000100 CXXXII
0%
10000110 CXXXIV
0%
10001011 CXXXIX
0%
10000111 CXXXV
0%
10001000 CXXXVI
0%
110011 LI
0%
110110 LIV
0%
111010 LVIII
0%
111101 LXI
0%
111110 LXII
0%
1000101 LXIX
0%
1000001 LXV
0%
1000010 LXVI
0%
1000011 LXVII
0%
1000110 LXX
0%
1001000 LXXII
0%
1001111 LXXIX
0%
1001011 LXXV
0%
1001100 LXXVI
0%
1001101 LXXVII
0%
1010000 LXXX
0%
1010001 LXXXI
0%
1010010 LXXXII
0%
1010011 LXXXIII
0%
1010100 LXXXIV
0%
1011001 LXXXIX
0%
1010101 LXXXV
0%
1010110 LXXXVI
0%
1011000 LXXXVIII
0%
110 VI
0%
1010 X
0%
1011010 XC
0%
1011100 XCII
0%
1011101 XCIII
0%
1100011 XCIX
0%
1011111 XCV
0%
1100000 XCVI
0%
1100010 XCVIII
0%
1011 XI
0%
1101 XIII
0%
101011 XLIII
0%
101100 XLIV
0%
101101 XLV
0%
101111 XLVII
0%
10000 XVI
0%
10010 XVIII
0%
10101 XXI
0%
10110 XXII
0%
11011 XXVII
0%
11100 XXVIII
0%
11111 XXXI
0%
100000 XXXII
0%
100101 XXXVII
0%
100110 XXXVIII
0%
No matching quizzes found
Score Distribution
Percent of People with Each Score
Percentile by Number Answered
Your Score History
You have not taken this quiz